[Event "10th LCC FIDE Open 2018"]
[Site "London"]
[Date "2018.12.14"]
[Round "6"]
[White "Merriman, John"]
[Black "Osborne, Marcus E"]
[Result "1-0"]
[WhiteElo "2261"]
[BlackElo "2128"]
[Annotator "TA"]
[PlyCount "148"]
[EventDate "2018.12.09"]
[EventType "swiss"]
[EventCountry "ENG"]
[SourceTitle "playchess.com"]
[Source "ChessBase"]
[SourceQuality "1"]

{[%evp 18,148,-11,-10,50,39,65,66,91,66,66,34,19,16,15,30,27,39,81,76,89,51,110,104,121,131,161,158,154,124,179,113,196,172,147,54,229,159,181,157,238,228,439,319,318,306,315,316,312,142,142,142,142,142,142,57,74,0,142,142,209,142,223,157,195,150,150,150,150,150,150,142,142,142,142,0,142,142,143,135,146,135,159,135,178,176,204,0,145,0,145,156,154,148,253,250,240,233,235,228,247,180,348,324,355,0,272,260,424,379,353,304,4231,465,5206,5069,5756,5671,5575,5065,5398,4969,5415,5082,5050,0,4627,4614,4582,1349,1600,393,393]} 1. d4 e6 2. c4 Nf6 3. Nc3 Bb4 4. e3 O-O 5. Nge2 Re8 6. a3 Bf8 7. Ng3 d5 8. Be2 {E46: Nimzo-Indian: Rubinstein: 4 e3 0-0 5 Ne2 without early Bd3} b6 9. b4 {[%cal Bb2b4,Bb4b5][%mdl 32]} (9. cxd5 exd5 10. O-O Bb7 11. b4 Nbd7 12. Qb3 c6 13. Bf3 a5 14. b5 c5 15. Nxd5 a4 {½-½ (53) Shankland,S (2671)-Ding,L (2778) Liaocheng 2018}) 9... c6 10. O-O {LiveBook: 5 Games. The position is equal.} a5 $146 (10... Ba6 $11) ({Predecessor:} 10... dxc4 11. Bxc4 b5 12. Bd3 a5 13. bxa5 Rxa5 14. Bb2 Na6 15. Nce4 Nd5 {1-0 (44) Aleksandrov,A (2588)-Demianjuk,A (2276) Baku 2017}) 11. b5 $14 c5 12. dxc5 bxc5 13. Bf3 {[%cal Rc4d5]} Bb7 14. Ra2 Nbd7 15. cxd5 Ne5 16. dxe6 Nxf3+ 17. gxf3 Rxe6 18. e4 Qc7 19. Bg5 Rd8 (19... c4 $14) 20. Rd2 $16 Rxd2 21. Qxd2 h6 22. Bf4 Bd6 23. Bxd6 Rxd6 24. Qf4 (24. Qe3 $1 $18) 24... Qd8 (24... Bc8 $16) 25. Na4 c4 26. Qc1 (26. Nf5 $16 Re6 27. Nc5) 26... Qc8 $2 (26... Nd7 $14) 27. Nf5 $36 {[%mdl 2048] White has strong initiative.} (27. e5 Bxf3 28. Qf4 (28. exd6 $2 {leads to mate.} Qh3 29. Qxc4 Qg2#) 28... Rd3 $17) 27... Re6 28. Nb6 Qc5 (28... Qd8 $16 {keeps fighting.}) 29. Nxc4 $18 g6 $2 (29... Nxe4 30. fxe4 Bxe4) 30. Nxa5 Qxb5 31. Nxh6+ Kg7 32. Nxb7 Qxb7 33. Ng4 (33. Qg5 $18 {has better winning chances.}) 33... Nxg4 $16 34. fxg4 Qxe4 {[%mdl 4096] Endgame KQR-KQR} 35. Qc3+ Kh7 {[#]} 36. Qh3+ (36. h3 $1 $16) 36... Kg7 $1 $14 37. Qc3+ ({White should try} 37. Rc1) 37... Kh7 $1 $16 {[#]} 38. h3 $1 Qe2 (38... Rc6 $16 39. Qe3 Qd5) 39. Kg2 Re7 (39... Qe4+ $16 40. Qf3 Qxf3+ 41. Kxf3 Ra6) 40. Rc1 Ra7 41. Qf6 {Intending Rc8 and mate.} Qa6 42. Qxa6 Rxa6 {KR-KR} 43. Rc3 Kh6 44. Kf3 Kg5 45. Kg3 Ra4 46. Kf3 (46. Rb3 $16) 46... f5 (46... Ra6 $1 $11 {keeps the balance.}) 47. gxf5 Kxf5 48. Ke2 Re4+ 49. Re3 {And now Rxe4 would win.} Rd4 50. Rd3 Re4+ 51. Kd2 Rf4 52. Ke2 {Black must now prevent Rf3.} Re4+ $1 53. Re3 {Strongly threatening Rxe4.} Rd4 $1 54. Rf3+ Ke5 55. Rg3 Kf5 (55... Ra4 $16 56. Re3+ Kf5) 56. Rg4 $1 $18 {[%cal Rg4d4]} Rd5 57. Rb4 Re5+ 58. Kf1 Rc5 {If only Black now had time for ...Rc3....} 59. Kg2 Rc3 $2 (59... Ra5 60. a4 Ke6) 60. Rb5+ Kf4 61. Rb4+ Kf5 62. Ra4 Rb3 $2 (62... g5 {was called for.} 63. Ra7 Ke5) 63. Ra5+ Kf6 64. Ra6+ Kg5 $2 (64... Ke7 65. h4 (65. Rxg6 Rxa3 66. h4 Kf7 $16) 65... Ke8) 65. a4 (65. Ra8 $142 Kf5 66. a4) 65... Ra3 (65... Rb8 $142 66. a5 Rd8) 66. a5 {[%cal Ba4a5,Ba5a6][%mdl 32]} Rc3 67. Ra8 Ra3 68. a6 Kf6 69. h4 Kg7 70. Kh2 Kh7 71. Kg2 Kg7 72. f3 Kh7 73. Kg3 (73. a7 $142 Kg7 74. Kg3) 73... Ra1 74. Kf2 $2 (74. f4 Ra3+ 75. Kg4) 74... Ra4 {Precision: White = 52%, Black = 23%.} 1-0

[Event "10th LCC FIDE Open 2018"]
[Site "London"]
[Date "2018.12.14"]
[Round "6"]
[White "Venkataramanan, T.S."]
[Black "Coote, Trevor D"]
[Result "0-1"]
[WhiteElo "2253"]
[BlackElo "2057"]
[Annotator "TA"]
[PlyCount "94"]
[EventDate "2018.12.09"]
[EventType "swiss"]
[EventCountry "ENG"]
[SourceTitle "playchess.com"]
[Source "ChessBase"]
[SourceQuality "1"]

{[%evp 15,94,26,22,14,39,35,115,117,125,116,103,85,139,114,256,229,343,352,349,337,320,313,331,304,546,197,195,151,161,13,52,50,50,7,17,11,36,7,52,0,255,243,254,250,439,175,167,174,216,201,337,0,294,296,280,266,264,-120,0,-122,-106,-178,0,0,0,-183,0,0,0,-288,-285,-29988,-29989,-29989,-29990,-29991,-29992,-29992,-29993,-29994,-29995]} 1. e4 e6 2. b3 d5 3. Bb2 dxe4 4. Nc3 Nf6 5. g4 h6 6. Bg2 Bd7 {C00: French: Unusual White 2nd moves} (6... e5 7. Nxe4 Nc6 8. Nxf6+ Qxf6 9. Qe2 Be7 10. h3 Nd4 11. Qe4 Bd7 12. Qxb7 O-O 13. Bxd4 exd4 14. Qf3 {0-1 (64) Stany,G (2404)-Grover,S (2516) Nagpur 2012}) 7. Qe2 Bc6 8. O-O-O Nbd7 {LiveBook: 3 Games. White has an edge.} 9. h4 Nd5 10. Bxe4 Nxc3 (10... N7f6 $1 $14) 11. dxc3 $16 {[%cal Bd2c3,Bc3c4,Bc4c5][%mdl 32]} Bxe4 12. Qxe4 c6 13. Nf3 Qa5 $146 ({Black should try} 13... Qc7) ({Predecessor:} 13... Qc7 14. c4 O-O-O 15. Ne5 Nxe5 16. Bxe5 Qa5 17. Rxd8+ Qxd8 18. Rd1 Ba3+ {0-1 (18) Stojanas,J (2105)-Vaznonis,D (2010) Vilnius 2009}) 14. Qf4 {Black must now prevent Rxd7!} Nf6 (14... Be7 $16 {was necessary.}) 15. Ne5 Qc7 (15... Qxa2 $142 16. Nc4 Qa6) 16. c4 $18 Bd6 17. g5 Nh5 {[%cal Bf6h5,Bh5f4,Bf4e2][%mdl 32]} 18. Qe3 O-O-O 19. c5 Be7 $2 (19... Bxe5 20. Bxe5 Qa5 21. gxh6 Rxh6 22. Bxg7 Rg6) 20. Qf3 $2 (20. Nxf7 Qf4 21. Qxf4 Nxf4 22. Nxh8 Ne2+ 23. Kb1 Rxh8 24. Bxg7) 20... hxg5 21. Qxf7 (21. Nxf7 $6 Rhf8 $14) 21... Nf4 22. Nc4 ({White must play} 22. Qxg7 $18 Rhg8 23. Rxd8+ Qxd8 24. Qh7) 22... Bxc5 23. Qxc7+ Kxc7 24. hxg5 {Be5+ is the strong threat.} Ne2+ 25. Kb1 b5 26. Ne5 Bxf2 27. Rhf1 (27. Nf7 $1 $14 Rxh1 28. Rxh1) 27... Bg3 $2 {[%mdl 8192]} (27... Rxd1+ $11 28. Rxd1 Rd8 29. Rxd8 Kxd8) 28. Rf7+ {[%mdl 64] Double Attack} Kc8 29. Rdf1 Rd2 $2 (29... b4 30. Rxa7 (30. Nxc6 Rd7 $18) 30... Bxe5) 30. Rxa7 $2 (30. Nxc6 Rd7 31. Nxa7+ {[%mdl 64] Double Attack} Kd8 32. Rxg7 Rxg7 33. Bxg7) 30... Rhd8 31. Nd3 Bb8 32. Rxg7 c5 (32... e5 {was called for.} 33. a3 e4) 33. Bc1 $2 (33. Bf6 $18 Ng3 34. Bxd8 Nxf1 35. Rg8) 33... Nxc1 $2 {[%mdl 8192]} (33... Nc3+ $1 $11 34. Kb2 Nd1+ 35. Kb1 Nc3+ 36. Kb2 Nd1+ 37. Kb1 Nc3+) 34. Kxc1 Rg2 35. Nxc5 Bd6 36. Nb7 $2 (36. b4 $18) 36... Ba3+ $17 {[%mdl 1024] Black has strong compensation.} 37. Kb1 {[#]} Rf2 $1 {[%cal Rf2f1]} 38. Rg1 {[#]} (38. Re1 $17 Rdf8 39. Rh7) 38... Rg2 $2 (38... Rd5 $1 $19 39. Rh7 Rg2 {[%mdl 64] Back Rank}) 39. Rh1 $11 ({Don't blunder} 39. Nd6+ $2 Rxd6 40. Rf1 Rdd2 $19) 39... Rh2 {[%cal Rh2h1]} 40. Re1 $2 (40. Rf1 $1 $11 Rdd2 41. b4) 40... Re2 $2 (40... Rdd2 $19 41. Nd6+ Rxd6) 41. Rh1 Rh2 {[%cal Rh2h1]} 42. Rg1 $2 {[%mdl 8192]} (42. Rf1 $11 {and White is okay.} Rf2 43. Rh1 Rh2 {[%mdl 64] Back Rank}) 42... Rdd2 $19 43. b4 $2 (43. Nd6+ $19 Bxd6 44. a4) 43... Rxc2 {Black mates.} ({Less strong is} 43... Bxb4 44. a3 $15) 44. Nd6+ Kd8 45. Rg8+ Ke7 46. Nf5+ exf5 47. Re8+ Kxe8 {Accuracy: White = 30%, Black = 36%.} 0-1

[Event "10th LCC FIDE Open 2018"]
[Site "London"]
[Date "2018.12.14"]
[Round "6"]
[White "Ghukasyan, Siranush"]
[Black "Rogacewicz, Mikolaj"]
[Result "1-0"]
[WhiteElo "2245"]
[BlackElo "1925"]
[Annotator "NA RC"]
[PlyCount "55"]
[EventDate "2018.12.09"]
[EventType "swiss"]
[EventCountry "ENG"]
[SourceTitle "playchess.com"]
[Source "ChessBase"]
[SourceQuality "1"]
[TimeControl "40/5400+30:1800+30"]

1. e4 {[%emt 0:00:00]} Nf6 {[%emt 0:00:00]} 2. e5 {[%emt 0:00:02]} Nd5 {[%emt 0:00:00]} 3. d4 {[%emt 0:00:31]} d6 {[%emt 0:00:05]} 4. Nf3 {[%emt 0:00:13]} g6 {[%emt 0:00:10]} 5. Bc4 {[%emt 0:02:53]} Nb6 {[%emt 0:00:10]} 6. Bb3 {[%emt 0:00:13]} Bg7 {[%emt 0:00:16]} 7. Ng5 {[%emt 0:08:17]} e6 {[%emt 0:00:52]} 8. f4 {[%emt 0:00:37]} O-O {[%emt 0:08:52]} 9. O-O {[%emt 0:00:05]} Bd7 {[%emt 0:16:10]} 10. a4 {[%emt 0:08:55]} Nc6 {[%emt 0:09:53]} 11. a5 {[%emt 0:07:47]} Nd5 {[%emt 0:02:51]} 12. c4 {[%emt 0:01:39]} Ndb4 {[%emt 0:07:01]} 13. d5 {[%emt 0:19:20]} exd5 {[%emt 0:07:48]} 14. cxd5 {[%emt 0:00:15]} Ne7 {[%emt 0:01:04]} 15. Nc3 {[%emt 0:01:02]} dxe5 {[%emt 0:08:56]} 16. fxe5 {[%emt 0:00:06]} Bxe5 {[%emt 0:01:14]} 17. Nxf7 {[%emt 0:02:37]} Rxf7 {[%emt 0:04:56]} 18. d6 {[%emt 0:00:10]} Nf5 {[%emt 0:09:49]} 19. Bxf7+ {[%emt 0:00:37]} Kxf7 {[%emt 0:00:05]} 20. Qb3+ {[%emt 0:00:33]} Kg7 {[%emt 0:03:58]} 21. Qxb4 {[%emt 0:01:17]} Bc6 {[%emt 0:03:26]} 22. Bf4 {[%emt 0:08:09]} Bd4+ {[%emt 0:03:04]} 23. Kh1 {[%emt 0:00:01]} Qh4 {[%emt 0:02:13]} 24. Rad1 {[%emt 0:09:37]} Qh3 {[%emt 0:01:10]} 25. Rd2 {[%emt 0:01:54]} g5 {[%emt 0:01:07]} 26. Nb5 {[%emt 0:03:16]} gxf4 {[%emt 0:04:58]} 27. Nxd4 {[%emt 0:00:24]} Ng3+ {[%emt 0:01:06]} 28. Kg1 {[%emt 0:00:01]} 1-0

[Event "10th LCC FIDE Open 2018"]
[Site "London"]
[Date "2018.12.14"]
[Round "6"]
[White "Rocco, Federico"]
[Black "Marentini, Marcel"]
[Result "0-1"]
[WhiteElo "2244"]
[BlackElo "2030"]
[Annotator "TA"]
[PlyCount "126"]
[EventDate "2018.12.09"]
[EventType "swiss"]
[EventCountry "ENG"]
[SourceTitle "playchess.com"]
[Source "ChessBase"]
[SourceQuality "1"]

{[%evp 9,126,0,3,-9,-6,-8,0,-10,-13,-43,-44,-89,-81,-115,-94,-85,-43,-155,-141,-158,-156,-141,-133,-158,-152,-210,-234,-200,-118,-107,-46,-118,-61,-92,70,70,70,0,0,-2,0,-14,-9,-20,-16,-16,-5,0,0,-1,12,0,0,-65,-66,-70,-68,-83,-42,-93,-77,-95,-64,-96,-72,-64,-69,-147,-164,-125,-133,-263,-256,-257,-271,-242,-258,-339,-331,-349,-375,-454,-442,-653,-573,-747,-740,-736,-731,-685,-330,-304,-262,-262,-254,-262,-258,-292,-271,-478,-479,-451,-344,-333,-296,-624,-620,-606,-600,-6029,-6029,-5147,-5127,-29993,-29994,-29995,-29996,-29996,-29997]} 1. Nf3 f5 2. d3 d6 3. e4 e5 4. Nc3 Nc6 (4... Be7 5. d4 fxe4 6. Nxe4 d5 7. Neg5 exd4 8. Bd3 Qd6 9. Nxd4 c5 10. Nb5 Qe5+ 11. Be3 Na6 12. O-O {1-0 (36) Svidler,P (2751)-Bu,X (2710) Tbilisi 2017}) 5. g3 g6 6. exf5 {A04: Unusual lines after 1 Nf3 and King's Indian Attack} Bxf5 7. Bg2 Bg7 8. O-O $146 {The position is equal.} ({Predecessor:} 8. Nh4 Be6 9. O-O Qd7 10. Bd2 O-O-O 11. Rb1 Nge7 12. b4 {0-1 (30) Negi,V (1976)-Grover,S (2467) Chennai 2017}) 8... Nge7 9. Rb1 Qd7 10. Re1 O-O 11. Qd2 Bg4 12. Ng5 Nd4 13. h3 (13. Nce4 $1 $15) 13... Bf3 $17 14. Nxf3 Nxf3+ 15. Bxf3 Rxf3 16. Kg2 Raf8 17. Nd1 (17. Rf1 $17) 17... Nd5 $19 {Hoping for ...Nf4+!} 18. Qe2 Qf7 (18... Qc6 $19 19. Kh2 Nb4) 19. Rf1 $17 h5 (19... Ne7 $17 {Strongly threatening ...Nf5.} 20. Bf4 Rxf4 21. gxf4 Nd5) 20. h4 ({Better is} 20. Nc3 $15) 20... Qf5 (20... Ne7 $17 {Threatens to win with ...Nf5.} 21. Nc3 Nf5) 21. Qe4 Nf4+ $2 (21... Qe6 $17) 22. Bxf4 $1 $14 Rxf4 23. Qxf5 ({White should try} 23. gxf4 $14 Qg4+ 24. Kh2 Qxh4+ 25. Kg2 (25. Kg1 Rxf4 26. Qd5+ Kh7 $14) 25... Qg4+ 26. Kh2 Qh4+ 27. Kg1 Rxf4 28. Qd5+ Kh7 29. Ne3) 23... R4xf5 $11 24. Ne3 R5f7 25. f3 Bh6 $36 {[%mdl 2048] Black is pushing.} 26. Nd5 Kg7 27. c4 c6 28. Nc3 Rd7 29. Ne4 Rc8 30. g4 {g5 is the strong threat.} Bf4 31. gxh5 (31. g5 $11) 31... gxh5 $15 32. Kf2 d5 33. Rg1+ Kf7 34. Ng5+ (34. Ng3 $15) 34... Kf6 $17 35. Rbd1 Rcd8 {aiming for ...dxc4.} 36. c5 b6 37. Nh3 Bh6 38. Ng5 ({White should play} 38. cxb6 $15 axb6 39. Rg3) 38... Bf8 $1 {[%cal Rf8c5]} 39. b4 bxc5 40. Rc1 {[#]} (40. f4 $17) 40... Rb8 $1 $19 41. bxc5 Rb2+ 42. Kg3 Kf5 (42... Rxa2 43. f4) 43. a4 a5 44. Rge1 Rdb7 45. d4 Bg7 46. Kh3 (46. Rcd1 $142) 46... R7b3 47. Kg3 e4 48. Nxe4 dxe4 49. Rxe4 {[#]} Rd3 (49... Rxf3+ $142 $1 {[%mdl 512]} 50. Kxf3 Rb3+ 51. Kg2 (51. Re3 $2 Rxe3+ 52. Kxe3 Bh6+ {[%mdl 64] Skewer} 53. Kd3 Bxc1 $19) 51... Kxe4 52. Re1+ Re3) 50. Rf4+ Kg6 51. Re1 Rxd4 ({Weaker is} 51... Bxd4 52. Re6+ Kh7 53. Re7+ Kh6 54. Re6+ Kh7 55. Re7+ Kh6 56. Re6+ Kh7 $11) 52. Re6+ Kh7 53. Rf7 {White wants to play Ree7.} Rd1 ({And not} 53... Rxa4 54. Ree7 $16) 54. Ra7 $2 (54. Rf5 {was called for.} Rd5 55. Rxd5 cxd5 56. Ra6) 54... Rg1+ 55. Kf4 Rb4+ 56. Re4 Rg6 57. Rxa5 $2 (57. Rxb4 axb4 58. Rb7) 57... Rf6+ 58. Kg3 Rb3 59. Rf4 Rg6+ 60. Kf2 Rb2+ 61. Kf1 Rgg2 {Black mates.} 62. Ra7 Rh2 {[%cal Rh2h1]} 63. Kg1 Rhd2 {Accuracy: White = 29%, Black = 63%.} 0-1

[Event "10th LCC FIDE Open 2018"]
[Site "London"]
[Date "2018.12.14"]
[Round "6"]
[White "Roe, Simon J"]
[Black "Sedykh, Mikhail"]
[Result "1/2-1/2"]
[WhiteElo "2223"]
[BlackElo "2118"]
[Annotator "TA"]
[PlyCount "119"]
[EventDate "2018.12.09"]
[EventType "swiss"]
[EventCountry "ENG"]
[SourceTitle "playchess.com"]
[Source "ChessBase"]
[SourceQuality "1"]

{[%evp 14,119,17,34,43,42,44,29,54,70,75,0,14,0,0,0,0,0,7,0,0,0,0,0,0,0,40,33,23,2,47,47,47,47,44,44,52,52,52,57,58,48,77,63,71,34,67,44,51,44,53,26,26,0,10,0,52,8,14,0,40,0,0,0,-4,-1,0,0,0,-2,0,-91,-49,-46,-54,-50,-48,-83,-80,-80,-80,-87,-44,-46,-51,-54,-16,-20,-18,-18,-34,-56,-56,-56,-43,-53,-56,-56,-37,-41,-49,-45,-31,-38,0,0,0,0]} 1. Nf3 c5 2. c4 Nf6 3. g3 d5 4. cxd5 Nxd5 5. Bg2 Nc6 6. Nc3 Nb6 {A34: Symmetrical English: 2 Nc3, lines with ...d5} (6... g6 7. O-O Bg7 8. Qa4 O-O 9. Qc4 Nxc3 10. dxc3 Qb6 11. Ng5 h6 12. Ne4 Be6 13. Qxc5 f5 14. Qxb6 axb6 15. Nd2 Rxa2 16. Rxa2 Bxa2 {½-½ (30) Navara,D (2740)-Anand,V (2771) Batumi 2018}) 7. O-O e5 8. d3 {LiveBook: 6 Games} f6 {White is slightly better.} 9. Be3 Be6 10. Nd2 $146 ({Predecessor:} 10. Na4 Nxa4 11. Qxa4 Qd7 12. Rfc1 Nd4 13. Qxd7+ Bxd7 14. Nxd4 cxd4 {½-½ (59) Itkis,B (2438)-Carmaciu,L (2407) Eforie Nord 2009}) 10... Qd7 11. Nb3 Nd4 12. Na5 (12. f4 $16) 12... Nd5 $11 13. Bxd4 cxd4 14. Nxd5 Bxd5 15. Bxd5 Qxd5 16. Qa4+ b5 17. Qb3 Qxb3 18. Nxb3 Bd6 19. a4 Rb8 20. axb5 Rxb5 21. Nd2 Bb8 22. Nc4 Kd7 23. Ra6 Rc8 24. Kg2 Rb3 25. Rfa1 e4 26. R1a3 Rxa3 27. Rxa3 $14 {[%mdl 4096] Endgame KRB-KRN} Ke6 28. Ra6+ Kd5 29. g4 Re8 30. h3 exd3 31. exd3 Re1 32. Ra3 Rd1 33. Rb3 {[#] Threatens to win with Rb5+.} Be5 34. Ra3 g6 ({Black should try} 34... Bb8 $11) 35. h4 h5 36. g5 Ke6 (36... Rxd3 $5 37. Rxd3 Kxc4 $11) 37. gxf6 Bxf6 38. Kf3 Bxh4 39. Ra6+ Kd5 40. Ra5+ Ke6 41. Ra6+ Kd5 42. Rd6+ Kc5 43. b4+ Kxb4 44. Rxd4 {And now Ne5+ would win.} Bf6 45. Rd6 Be7 46. Rd7 {[#]} Bc5 $1 47. Ne5 Kc3 48. Rc7 $1 {[%cal Rc7c5]} Kd4 {...Bd6 is the strong threat.} 49. Ke2 Ra1 {Strongly threatening ...Ra2+.} 50. Nxg6 Ra2+ 51. Kf3 Bb6 52. Rc4+ Kxd3 53. Ne5+ Kd2 54. Rh4 Kc3 55. Rxh5 Rxf2+ 56. Ke4 Rd2 57. Rh3+ Kc2 58. Nc6 Kb2 59. Rh7 $1 Re2+ 60. Kd5 {Accuracy: White = 62%, Black = 45%.} 1/2-1/2

[Event "10th LCC FIDE Open 2018"]
[Site "London"]
[Date "2018.12.14"]
[Round "6"]
[White "Marzano, Carlo"]
[Black "Bates, Caspar J"]
[Result "1-0"]
[WhiteElo "2222"]
[BlackElo "2113"]
[Annotator "TA"]
[PlyCount "117"]
[EventDate "2018.12.09"]
[EventType "swiss"]
[EventCountry "ENG"]
[SourceTitle "playchess.com"]
[Source "ChessBase"]
[SourceQuality "1"]

{[%evp 25,117,34,65,40,32,35,44,43,43,34,60,48,80,36,63,58,69,58,64,39,52,57,69,58,71,0,0,-7,67,64,39,14,14,14,14,0,190,0,144,141,103,132,197,164,568,565,548,526,754,693,824,759,824,824,908,669,606,606,564,561,558,558,549,549,12825,6252,5527,5089,2794,2350,1541,1307,29976,29977,29978,29979,29979,29980,29980,29981,29981,29982,29985,29986,29987,29987,29987,29988,29989,29990,29990,29991,29991,29991]} 1. d4 Nf6 2. c4 e6 3. Nf3 Bb4+ 4. Nbd2 d6 5. a3 Bxd2+ 6. Qxd2 a5 7. b3 b6 8. Bb2 Nbd7 9. e3 O-O 10. Be2 Bb7 11. O-O Ne4 12. Qc2 f5 13. b4 Ng5 {LiveBook: 5 Games. E32: Nimzo-Indian: Classical (4 Qc2): 4...0-0} 14. d5 Nxf3+ 15. Bxf3 e5 {White is slightly better.} 16. Be2 Qe7 {[#]} 17. Bc3 $146 ({Predecessor:} 17. f3 g6 18. Bd3 Nf6 19. Rae1 axb4 20. axb4 b5 21. f4 bxc4 22. Bxc4 Bxd5 23. fxe5 dxe5 24. Bxd5+ Nxd5 {0-1 (63) Sokolov,I (2630)-Anand,V (2670) Brussels 1992}) 17... Bc8 18. f3 f4 19. e4 Nf6 20. Rfc1 g5 21. bxa5 bxa5 22. Qd2 a4 23. Bb4 g4 24. c5 gxf3 25. gxf3 (25. Bxf3 $16 Bg4 26. cxd6 cxd6 27. Rc6) 25... Kh8 $11 ({Much worse is} 25... Qg7+ $6 26. Kh1 $16) 26. Kh1 Rg8 (26... Nh5 $11 27. Bf1 Rf6) 27. Rg1 $14 Bh3 28. Rxg8+ Rxg8 29. Bf1 $36 {[%mdl 2048] White has some pressure.} Bxf1 30. Rxf1 Qg7 $2 (30... dxc5 $11 {and Black stays safe.} 31. Bc3 Qe8) 31. Qf2 $2 (31. cxd6 $18 {Threatens to win with Qb2.} cxd6 32. Bxd6) 31... Ne8 (31... Qg6 $11 {keeps the balance.}) 32. c6 $16 Qh6 33. Rg1 Rxg1+ (33... Qh5 $16) 34. Kxg1 $18 Kg7 $2 (34... Qh5 {is a better chance.} 35. Qg2 Qh6) 35. Qg2+ Kf7 36. Qg4 Qg6 37. Qxg6+ hxg6 {[%mdl 4096] Endgame KB-KN} 38. Kf1 Ke7 39. Be1 g5 40. Ke2 Nf6 41. h3 $1 Kd8 42. Kd3 Nh5 43. h4 gxh4 44. Bxh4+ Kc8 45. Ke2 Kb8 46. Kf2 Ka7 {[#]} 47. Kg2 $1 {[%cal Rg2h3]} Kb6 {[#]} 48. Kh3 $1 Kb5 49. Kg4 {White mates.} Ng3 50. Bxg3 fxg3 51. Kxg3 {KP-KP} Kc4 52. f4 exf4+ 53. Kxf4 Kb3 54. e5 dxe5+ 55. Ke4 Kxa3 56. d6 Kb2 57. dxc7 a3 58. c8=Q a2 59. Qa6 {Accuracy: White = 74%, Black = 39%.} 1-0

[Event "10th LCC FIDE Open 2018"]
[Site "London"]
[Date "2018.12.14"]
[Round "6"]
[White "Mihalik, Agoston"]
[Black "Flear, Glenn C"]
[Result "1/2-1/2"]
[WhiteElo "2220"]
[BlackElo "2451"]
[Annotator "TA"]
[PlyCount "59"]
[EventDate "2018.12.09"]
[EventType "swiss"]
[EventCountry "ENG"]
[SourceTitle "playchess.com"]
[Source "ChessBase"]
[SourceQuality "1"]

{[%evp 12,59,25,21,17,18,29,2,22,18,28,23,29,26,79,66,76,65,77,72,81,36,43,43,40,35,35,47,83,45,63,52,46,21,54,48,48,52,64,45,66,54,50,68,93,81,93,0,57,0]} 1. e4 e5 2. Nf3 Nc6 3. d4 exd4 4. Nxd4 Qf6 5. Nf3 Bb4+ 6. c3 {C45: Scotch Game} Bc5 7. Be2 {LiveBook: 7 Games} h6 (7... d6 8. O-O Nge7 9. b4 Bb6 10. Bg5 Qg6 11. Bh4 Qh6 12. Nbd2 Ng6 13. Bg3 {½-½ (41) Giri,A (2773)-Andreikin,D (2736) Wijk aan Zee 2017 CBM 177 [Giri,A]}) 8. O-O {The position is equal.} Nge7 9. Nbd2 d6 10. e5 $146 ({Predecessor:} 10. Nc4 O-O 11. Be3 Bxe3 12. Nxe3 Be6 13. Nd4 Nxd4 14. cxd4 {½-½ (21) Kopylov,D (2244)-Baltic,F (2121) Willingen 2018}) 10... Nxe5 11. Ne4 Qf5 12. Nxc5 Nxf3+ (12... dxc5 $11 13. Nxe5 Qxe5) 13. Bxf3 $16 Qxc5 14. Re1 $36 {[%mdl 2048] White has the initiative.} Be6 15. Bxb7 Rb8 16. Qa4+ Bd7 $1 {[%cal Rd7a4]} 17. Qh4 {[%csl Ge1][%cal Rh4e7] [#]} g5 $1 {[%cal Rg5h4]} 18. Qe4 {[%csl Ge1][%cal Re4e7]} O-O {White must now prevent ...Rfe8.} 19. Be3 Qe5 20. b3 Qxe4 21. Bxe4 a5 22. Bd4 f5 23. Bf3 Ng6 24. c4 a4 25. c5 dxc5 26. Bxc5 Rfe8 27. Bd5+ Kg7 28. Bd4+ Kf8 29. Bc5+ Kg7 30. Bd4+ {Precision: White = 67%, Black = 70%.} ({Better is} 30. g3 $14) 1/2-1/2

[Event "10th LCC FIDE Open 2018"]
[Site "London"]
[Date "2018.12.14"]
[Round "6"]
[White "Haribalu, V.."]
[Black "Gilevych, Artem"]
[Result "1/2-1/2"]
[WhiteElo "2208"]
[BlackElo "2409"]
[Annotator "TA"]
[PlyCount "82"]
[EventDate "2018.12.09"]
[EventType "swiss"]
[EventCountry "ENG"]
[SourceTitle "playchess.com"]
[Source "ChessBase"]
[SourceQuality "1"]

{[%evp 15,82,-15,12,-8,18,-5,0,-7,10,12,32,19,56,16,10,12,12,6,6,20,220,7,0,0,12,-31,10,-41,-4,-12,-4,-20,-11,-9,-10,-13,0,0,0,0,0,0,8,8,39,39,35,41,41,39,41,15,21,14,25,35,26,25,15,0,0,0,137,79,106,0,150,0,97]} 1. d4 Nf6 2. Bf4 e6 3. e3 Be7 4. Bd3 O-O 5. Nd2 b6 6. c3 Bb7 7. Ngf3 c5 8. Qe2 {A47: 1 d4 Nf6 2 Nf3 b6: Torre, London and Colle Systems} Nc6 {LiveBook: 7 Games} 9. a3 d6 (9... Rc8 10. e4 d6 11. O-O Qc7 12. h3 e5 13. dxe5 Nxe5 14. Nxe5 dxe5 15. Bh2 Rcd8 {1-0 (29) Radjabov,T (2784)-Tomashevsky,E (2738) Moscow 2012}) 10. e4 cxd4 11. cxd4 e5 $146 ({Predecessor:} 11... Nxd4 12. Nxd4 {½-½ (49) Karlsson,B (2313)-Jonsson,B (2352) Reykjavik 2017}) 12. dxe5 dxe5 13. Bxe5 Nh5 14. Bc4 Bf6 15. Bxf6 Qxf6 16. O-O Qxb2 17. Qe3 {Threatens to win with g4.} Rae8 $2 {[#]} (17... Ne5 $11 {and Black stays safe.}) 18. Rab1 $2 (18. g4 $1 $18) 18... Qf6 $1 $11 19. Rb5 g6 20. Rg5 Kh8 21. e5 (21. Bd5 $11) 21... Qe7 22. Ne4 f6 23. Rxh5 $1 gxh5 24. Nxf6 Nxe5 25. Nxe5 Qxf6 {[#]} ({Don't do} 25... Rxf6 26. Re1 $17) (25... Qg7 {keeps more tension.} 26. Nfg4 hxg4 27. Nf7+ Qxf7 28. Bxf7 Rxe3 29. fxe3 Kg7) 26. Nf7+ $1 {[%mdl 512]} Qxf7 (26... Kg7 $5 27. Qg3+ $8 Qg6 28. Qc3+ Qf6 29. Qg3+ Qg6 30. Qc3+ Qf6 31. Qg3+ $11) (26... Rxf7 27. Qxe8+) 27. Bxf7 {Qd4+ would kill now.} Rxe3 28. fxe3 {[%mdl 4096] Endgame KRB-KRB} h4 29. Rf4 Rc8 30. Bc4 h3 31. gxh3 Rc7 32. Kf2 Kg7 33. a4 Bc6 34. Bd3 Bd7 35. h4 Rc3 36. Bxh7 {aiming for Rd4.} Ra3 $1 37. Re4 Ra2+ 38. Kg3 Kf6 (38... Rd2 $11 {keeps the balance.} 39. Re7+ Kf6) 39. Rf4+ ({White should play} 39. Rd4 Be8 40. Rd8) 39... Kg7 $16 {[#]} 40. Re4 (40. Rd4 $1 $16 {[%cal Rd4d7]} Be8 41. Bf5) 40... Kf6 ({Black should try} 40... Rd2 $11 41. Re7+ Kf6) 41. Rf4+ (41. Rd4 $142 Be8 42. Rd8) 41... Kg7 {Accuracy: White = 40%, Black = 41%.} 1/2-1/2